00921pam a2200241 a 4500020001700000040000800017082002600025100001900051245004800070250002100118260012600139300003300265520009700298650001700395650001200412650002100424650002200445650001500467700003100482942000700513999001700520952014200537 a0027442802 : cDLC00a635 1993 MAX A041 Or.1 aHolmes, Anita,10aFlowers for you :bblooms for every month / a1st American ed. aNew York :bBradbury Press ;aToronto :bMaxwell Macmillan Canada ;aNew York :bMaxwell Macmillan International,cc1993. a48 p. :bcol. ill. ;c29 cm. aDescribes a variety of flowering plants and what it takes to grow them successfully indoors. 0aHouse plants 0aFlowers 0aIndoor gardening 1aIndoor gardening. 1aGardening.2 aWright-Frierson, Virginia, cEK c12275d12275 0010406635_199300000000000_MAX_A041_OR70961702aLBAbLBAcA041d2017-08-11o635 1993 MAX A041 Or.pA17748r2017-08-11w2017-08-11yEK